Οι απόψεις των Τριών Ιεραρχών για την τέχνη

Αποθηκεύτηκε σε:
Λεπτομέρειες βιβλιογραφικής εγγραφής
Κύριος συγγραφέας: Μπαρούτας, Κώστας Γ., 1940-
Μορφή: Βιβλίο
Γλώσσα:Greek
Δημοσίευση: Αθήναι : [χ.ό.], 1996
Θέματα:
Ετικέτες: Προσθήκη ετικέτας
Δεν υπάρχουν, Καταχωρήστε ετικέτα πρώτοι!

MARC

LEADER 00000cam a2200000 i 4500
001 1/16805
008 111125s1996 gre d
035 |l 10111487 
040 |a GR-MY-UA  |b gre  |e aacr 
041 0 |a gre 
082 0 |a 701  |2 (22) 
100 1 |a Μπαρούτας, Κώστας Γ.,   |d 1940- 
245 1 3 |a Οι απόψεις των Τριών Ιεραρχών για την τέχνη /  |c Κώστα Μπαρούτα 
260 |a Αθήναι :   |b [χ.ό.],   |c 1996 
300 |a 455-517 σ.;  |c 21 εκ. 
500 |a Ανάτυπον εκ της Διεθνούς επιστημονικής Επετηρίδος Βυζαντινής και μεταβυζαντινής ερεύνης "Βυζαντιναί Μελέται" (τόμος Ζ') 
504 |a Περιλαμβάνει βιβλιογραφίες 
600 0 0 |x Criticism and interpretation  |a Βασίλειος ο Μέγας,   |d 330-378. 
600 0 0 |a Ιωάννης ο Χρυσόστομος,   |d π. 354-407  |x Criticism and interpretation. 
600 1 0 |a Γρηγόριος ο Ναζιανζηνός  |d 328-391  |x Criticism and interpretation. 
650 0 0 |a Art criticism. 
650 0 0 |a Art  |x Philosophy. 
852 |a INST  |b SYROS  |e 20111125  |h 701 ΜΠΑ  |p 005500009866  |q 005500009866  |t BK  |y 0 
901 |a BIBL5-2011-2 
909 |a Ε  |b 169752 
970 |a ΚΟΝΤΟΥ  |b ΠΑΡΑΣΚΕΥΗ  |z 2011/11/25